00287pab a2200109 454500008004000000245007600040260000900116300000800125362001200133650001300145773001900158180718b1983 xxu||||| |||| 00| 0 eng d aReport on "Functioning of industrial licensing system released, outline c1983 a1:6 a29 Jan. aI.I.P.A. aEconomic Times